BSOP header

Genesis : (Record no. 17178)

MARC details
000 -LEADER
fixed length control field 00676nam a2200157 4500
008 - FIXED-LENGTH DATA ELEMENTS--GENERAL INFORMATION
fixed length control field 030314s enk eng
090 ## - LOCALLY ASSIGNED LC-TYPE CALL NUMBER (OCLC); LOCAL CALL NUMBER (OCLC)
Classification number (OCLC) (R) ; Classification number, CALL (RLIN) (NR) BS1235
Local cutter number (OCLC) ; Book number/undivided call number, CALL (RLIN) G28b
130 0# - MAIN ENTRY--UNIFORM TITLE
Uniform title Bible. O.T. Genesis. English. The Century Bible.
245 10 - TITLE STATEMENT
Title Genesis :
Remainder of title introduction, revised version with notes, giving an analysis showing from which of the original documents each portion of the text is taken /
Statement of responsibility, etc edited by W. H. Bennett.
260 ## - PUBLICATION, DISTRIBUTION, ETC. (IMPRINT)
Place of publication, distribution, etc Endinburgh :
Name of publisher, distributor, etc T.C. & E.C. Jack.
300 ## - PHYSICAL DESCRIPTION
Extent 412 p. :
Other physical details ills., maps
490 1# - SERIES STATEMENT
Series statement The Century Bible
650 #4 - SUBJECT ADDED ENTRY--TOPICAL TERM
Topical term or geographic name as entry element Bible. O.T. Genesis
General subdivision Commentaries.
951 ## - EQUIVALENCE OR CROSS-REFERENCE-GEOGRAPHIC NAME/AREA NAME [OBSOLETE] [CAN/MARC only]
General subdivision 00002803
700 1# - ADDED ENTRY--PERSONAL NAME
Personal name Bennett, W. H.
951 ## - EQUIVALENCE OR CROSS-REFERENCE-GEOGRAPHIC NAME/AREA NAME [OBSOLETE] [CAN/MARC only]
-- 4705
-- BS1235/G28b
-- 070613111231046
-- 2000-12-21
-- GC
Holdings
Withdrawn status Lost status Damaged status Not for loan Home library Current library Shelving location Date acquired Accession number Shelving control number Total Checkouts Full call number Barcode Date last seen Price effective from Koha item type
        BSOP Library BSOP Library GC 12/21/2000 4705 127   BS1235/G28b 00002803 02/23/2013 02/23/2013 Books
BSOP

Biblical Seminary of the Philippines
  All rights Reserved
  © 2024

CONTACT INFORMATION

Biblical Seminary of the Philippines,
  77-B Karuhatan Road, Valenzuela City,
  PHILIPPINES 1441
  Phone: +632 8292-6795 / 8292-6798
  Fax : +632 8292-6675
  Email: library@bsop.edu.ph